000 00314nam a22001337a 4500
008 180316b xxu||||| |||| 00| 0 eng d
020 _a9780321501073
041 _aeng
080 _28th
_a51
100 _a37
101 _aMAT
245 _aA survey of mathematics with applications
_cAngel,A.R
942 _2udc
_cBK
999 _c45245
_d45245